Gares de l'Aude - Statistiques

Statistiques générales
  • Ce quiz a été pris 99 fois
  • Le résultat moyen est 8 sur 13
Statistiques - réponses
Nombre de voyageurs Gares % Correct
1 211 281 Carcassonne
100%
2 589 102 Narbonne
99%
399 458 Castelnaudary
87%
203 009 Lézignan Corbières
80%
58 021 Limoux
80%
129 983 Bram
76%
140 520 Port la Nouvelle
72%
966 Couffoulens - Leuc
71%
118 543 Leucate la Franqui
56%
3 382 Coursan
48%
9 719 Limoux Flassian
23%
1 016 Pomas
13%
855 Verzeille
13%
Aucun quiz correspondant
Distribution des résultats
% des personnes avec chaque résultat
Percentile par nombre de réponses
Votre historique - résultats
Vous n’avez pas pris ce quiz